[Event "Tata Steel-A 79th"]
[Site "Wijk aan Zee"]
[Date "2017.01.15"]
[Round "2"]
[White "Carlsen, Magnus"]
[Black "Wojtaszek, Radoslaw"]
[Result "1-0"]
[WhiteElo "2840"]
[BlackElo "2750"]
[Annotator "Yermolinsky,Alex "]
[PlyCount "87"]
[EventDate "2017.01.14"]
[EventType "tourn"]
[EventRounds "13"]
[EventCountry "NED"]
[EventCategory "21"]
[SourceTitle "CBM 177"]
[Source "ChessBase"]
[SourceDate "2017.03.16"]
[SourceVersion "1"]
[SourceVersionDate "2017.03.16"]
[SourceQuality "1"]

{Some experts believe that Rado must be a tough opponent for Magnus. Part of it is Wojtaszek's experience as Vishy Anand's primary opening theory specialist during his preparation for the World Championship matches, which we assume included their going over every game Carlsen ever played. There's also a memorable upset win Radoslaw scored two years ago on the same stage at the 2015 Tata Steel tournament.} 1. e4 c5 2. Nf3 d6 3. d4 cxd4 4. Nxd4 Nf6 5. Nc3 a6 6. a3 $5 {Just like that Carlsen goes off the theoretical path as early as on move 6, repeating Karjakin's experiment from round one. We can safely assume Wojtaszek was not prepared to face it.} e5 {It is largely a matter of taste. Rado goes the Najdorf way,} ({while some of us would prefer the Scheveningen Variation after} 6... e6 7. f4 Nc6 8. Nf3) 7. Nf5 ({Much more common is} 7. Nf3 {if the word "common" can be applied to the 6.a3 line at all. Russian GM Dvoyris played it a couple of times, and there also was a recent blitz game Harikrishna-Giri. All in all, the white pawn on a3 does not look out of place, and a tempo spent on that move is the same tempo White often loses by stopping over on e3 with his dark-squared bishop on its way to g5.}) 7... d5 8. Bg5 d4 9. Bxf6 Qxf6 $2 {I ablosutely loathe this move. In the name of preserving his pawn structure intact Black invites another white knight to come up to the centre of the board.} (9... gxf6 10. Ne2 Qb6 ({or} 10... Qa5+ 11. Qd2 Qxd2+ 12. Kxd2 Be6) 11. Rb1 (11. b4 a5 $132) 11... Be6 12. Qc1 Nd7 {has to be absolutely fine for Black.}) 10. Nd5 Qd8 11. Qg4 $1 {Carlsen immediately hits on the right idea.} Bxf5 ({The point was to answer} 11... g6 {with} 12. Qg3 Nc6 13. Nxd4 $1) 12. Qxf5 {Already here it became painfully clear that White will win this game. Magnus always wins when he can get his pieces to safe squares, and the opponent doesn't have any dynamic possibilities.} Bd6 13. h4 $5 Nc6 14. Bc4 b5 $146 ({RR} 14... O-O 15. h5 h6 16. Rh3 b5 17. Ba2 Qc8 18. Nf6+ gxf6 19. Rg3+ {1-0 (19) Vaishali,R (2393)-Munkhzul,T (2278) Chess.com INT 2020}) ({RR} 14... O-O 15. Rh3 Kh8 16. h5 Rc8 17. Rg3 h6 18. Qg4 Rg8 19. Rf3 Rf8 20. Rd1 Nb4 21. axb4 Rxc4 22. c3 Qg5 23. Qd7 Rd8 24. Qxf7 Qxg2 25. Rg3 Qxe4+ 26. Kf1 Qh1+ 27. Ke2 Qe4+ 28. Kf1 Qh1+ 29. Rg1 {Slobodjan,R (2457)-Blahynka,M (2399) Czech Republic 2022 1-0 (42)}) 15. Bb3 Ne7 16. Qg4 O-O 17. Rh3 Nxd5 18. Bxd5 Ra7 19. Rg3 Qf6 20. a4 {This move indicates Magnus's desire to open a second front. He must have felt his kingside intiative alone wouldn't be enough.} Bb4+ $2 {And Wojtaszek just plays along!} (20... b4 {had to be the right move simply because it does not accommodate the opponent's intentions.}) 21. Kf1 bxa4 22. Rxa4 a5 23. Ra1 Rc7 24. Bb3 Ra8 25. Kg1 Bf8 26. Qh5 g6 27. Qg4 Ra6 28. h5 Qf4 29. Qe2 Qf6 30. Qb5 Qc6 $4 ({I don't see anything wrong with.} 30... Rc5) 31. Qxe5 Re7 32. Qf4 a4 33. Bd5 Qc7 34. Qd2 Qb6 35. Ra2 Rc7 36. Rf3 Qb4 37. Qe2 Rb6 38. hxg6 hxg6 39. g3 Kg7 40. Kg2 Rd7 41. Qd1 Rf6 42. Rxf6 Kxf6 43. c3 dxc3 44. Rxa4 {We have seen enough games like this. What are these guys thinking... playing passively against Magnus Carlsen?} 1-0

[Event "Tata Steel-A 79th"]
[Site "Wijk aan Zee"]
[Date "2017.01.17"]
[Round "4"]
[White "Carlsen, Magnus"]
[Black "Wei, Yi"]
[Result "1-0"]
[WhiteElo "2840"]
[BlackElo "2706"]
[Annotator "Meier,Georg"]
[PlyCount "65"]
[EventDate "2017.01.14"]
[EventType "tourn"]
[EventRounds "13"]
[EventCountry "NED"]
[EventCategory "21"]
[SourceTitle "CBM 177"]
[Source "ChessBase"]
[SourceDate "2017.03.16"]
[SourceVersion "1"]
[SourceVersionDate "2017.03.16"]
[SourceQuality "1"]

1. e4 e5 2. Bc4 Nf6 3. d3 {The Bishops's Opening or Italian Game reminds me of the London System (1.d4 followed by f4 on move 2 or 3) that has also had a resurgence of late, not least due to Magnus's efforts. You can of course find fresh ideas everywhere, but the main point of these openings - at least to me - is to keep a lot of pieces on the board and beat your opponent by a better understanding of positional play and pawn structures.} c6 4. Nf3 d6 {A bit tame. But it was played after almost 6 minutes of contemplation, indicating that Yi had not made up his mind about this opening beforehand.} (4... d5 5. Bb3 Bb4+ {sophisticated!} (5... Bd6 6. Nc3 {would force Black to eventually release the tension in the centre.}) 6. c3 Bd6 {is a popular line for Black}) 5. O-O Be7 6. Bb3 (6. Re1 O-O 7. a4 {would be the modern way to play.}) 6... O-O {Both sides are free as concerns further development, so we get an impression of where both players feel their pieces belong.} 7. c3 Nbd7 8. Re1 Nc5 9. Bc2 Bg4 10. Nbd2 Ne6 11. h3 Bh5 12. Nf1 Nd7 $1 {This is important in connection with ...g4: Black must be ready to take on f3 and then he should soon halve White's bishop pair with g5.} 13. g4 $5 ({The normal move would be} 13. Ng3 Bxf3 14. Qxf3 g6 {keeping the g3 at bay and with g5 soon following.}) 13... Bg6 14. Ng3 {The bishop on g6 will be passive for a long time, but White has also created a hole on f4.} Ng5 {Being a bit cramped, Black wants to exchange pieces.} 15. Bxg5 {After 20 minutes thought! I don't think Magnus was too thrilled with his position at this point.} (15. Kg2 Nxf3 16. Qxf3 Re8 $1 {A smart waiting move, opening the d7-f8-e6 route for the knight.} 17. Be3 Bg5 18. Bxg5 Qxg5 19. Rad1 Rad8 {is completely satisfactory for Black.}) (15. Nf5 Bxf5 16. gxf5 Nxf3+ 17. Qxf3 Bg5 {with a good position for Black was mentioned by Carlsen.}) 15... Bxg5 16. d4 Bf4 {From here on it looks very much like Black was looking for active ideas, when all he had to do is patiently improve his position.} (16... Re8 {getting the rook into play and vacating f8 for the knight; good value for a tempo.}) 17. Ne2 Qf6 18. Kg2 exd4 $146 {"An absolute gift" (Carlsen). Black is giving up the centre for no reason.} (18... Rad8 19. Nxf4 Qxf4 20. Qc1 Qxc1 21. Raxc1 f6 $11) ({RR} 18... h5 19. Nxf4 hxg4 20. Ng1 Qxf4 21. Qxg4 Qxg4+ 22. hxg4 Rfe8 23. dxe5 dxe5 24. Rad1 Rad8 25. f3 {½-½ (25) Vukcevic,N (2275)-Nikcevic,N (2338) Podgorica MNE 2024}) ({RR} 18... h5 19. Nxf4 hxg4 20. Ng1 Qxf4 21. Qxg4 Qxg4+ 22. hxg4 Rfe8 23. dxe5 dxe5 24. Rad1 Rad8 25. f3 {½-½ (25) Vukcevic,N (2275)-Nikcevic,N (2338) Podgorica MNE 2024}) 19. Nfxd4 Rfe8 20. Nxf4 Qxf4 21. f3 {Now White has a straightforward plan: Get rid of the queen on f4 and push his kingside pawns. At this point Black had to look for ways to limit the damage, and quickly.} (21. Qc1 Bxe4+ 22. Bxe4 Rxe4 23. Qxf4 Rxf4 24. Re7 {looks tempting, but Black still holds on with} Nc5 25. Rae1 Kf8 26. Kg3 g5) 21... Nb6 $6 {Further drifting...} (21... d5 {would guarantee that Black does not run out of space. The isolated pawn would remain his only worry after} 22. exd5 Bxc2 (22... cxd5 23. Rxe8+ Rxe8 24. Ba4 $1 {leaves White with the superior minor piece forever.}) 23. Qxc2 cxd5) 22. Qc1 Qxc1 23. Raxc1 d5 24. e5 Nd7 25. f4 Bxc2 26. Rxc2 {Black must have underestimated the dangers of this endgame. Clearly, digging in and holding the fort does not come easy to the Chinese prodigy. He proceeds to lose in no time.} Nc5 ({To put up a line of defence Black should take f5 under control, grab space with a5 to somewhat secure c5 for his knight and then centralise his king. A reasonable sequence would be:} 26... g6 27. Kf3 a5 28. h4 Nc5 29. Re3 (29. g5 Kf8 30. h5 Ke7) 29... Kf8) 27. Re3 Rad8 28. Kf3 Ne4 29. b4 $16 {The black knight has no way back, and White is ready to saddle Black with a weakness by c3-c4xd5 and decisively open the c-file.} g5 $2 {Only creating more weaknesses.} (29... f6 $1 30. exf6 (30. e6 Nd6 {looks like a decent blockade still}) 30... Nxf6 31. Ne6 Rc8 32. Rce2 Kf7 33. Ng5+ Kf8 34. f5 {with a large advantage, but exchanges will ease some of the pressure.}) 30. c4 c5 (30... gxf4 31. Kxf4 f6 32. e6 $18) 31. Nb5 gxf4 32. Kxf4 cxb4 33. cxd5 {This game clearly showed Wei not being comfortable with a quiet manoeuvring struggle. And obviously Carlsen is aware of this shortcoming. Given a strategically superior position out of nowhere he converted with ease.} 1-0

[Event "Tata Steel-A 79th"]
[Site "Wijk aan Zee"]
[Date "2017.01.24"]
[Round "9"]
[White "Carlsen, Magnus"]
[Black "Van Wely, Loek"]
[Result "1-0"]
[WhiteElo "2840"]
[BlackElo "2695"]
[Annotator "Ftacnik,Lubomir"]
[PlyCount "117"]
[EventDate "2017.01.14"]
[EventType "tourn"]
[EventRounds "13"]
[EventCountry "NED"]
[EventCategory "21"]
[SourceTitle "CBM 177"]
[Source "ChessBase"]
[SourceDate "2017.03.16"]
[SourceVersion "1"]
[SourceVersionDate "2017.03.16"]
[SourceQuality "1"]

1. e4 c5 2. Nf3 e6 3. d4 cxd4 4. Nxd4 Nf6 5. Nc3 d6 6. g4 h6 7. Bg2 Nc6 8. h3 {The position on the board is well known in the version when Black' has already played ...a6. Naturally other moves are possible in this move order and the best score has been when the knight has been exchanged: 8...xd4.} g5 (8... Nxd4 9. Qxd4 e5 (9... Bd7 10. f4 Bc6 11. Be3 b5 (11... Qa5 12. O-O-O Nd7 13. Kb1 Nb6 14. b4 e5 15. bxa5 exd4 16. Rxd4 Nd7 17. Nd5 O-O-O 18. Rhd1 Nc5 19. Nb4 $18 {1-0 (37) Short,N (2685)-Sax,G (2600) Debrecen 1992}) 12. O-O Nd7 13. a4 bxa4 14. Nxa4 Be7 15. Nc3 a5 16. Qc4 Qc8 17. Ra2 O-O 18. Rfa1 Bd8 19. Rd1 {½-½ (19) Ivanov,A (2537)-Ulybin,M (2586) Moscow 2004}) 10. Qd3 (10. Qa4+ Bd7 11. Qb3 b5 12. O-O Be7 13. f4 O-O 14. g5 hxg5 15. fxg5 Nh5 16. h4 Qb6+ 17. Kh2 Be6 18. Nd5 Bxd5 19. Qxd5 $14 {½-½ (24) Sax,G (2570)-Votava,J (2515) Germany 1997}) 10... Be6 11. f4 (11. Be3 Be7 12. O-O-O O-O 13. f4 Qa5 14. g5 hxg5 15. fxg5 Nh7 16. h4 Bxa2 17. Qb5 Qxb5 18. Nxb5 Rfc8 19. Nxa7 Rc7 20. Nb5 Rc6 21. Kd2 $16 {½-½ (64) Zhang,Z (2596)-Movsesian,S (2629) Mallorca 2004}) 11... Rc8 12. Be3 (12. f5 Bc4 13. Qe3 b5 14. b3 b4 15. Nd1 Bb5 16. c4 bxc3 17. Nxc3 Bc6 18. Qxa7 d5 19. exd5 Bb4 20. Bd2 Bd7 21. Qe3 O-O 22. Rc1 e4 $17 {0-1 (34) Wahls,M (2609)-Boensch,U (2533) Germany 1999}) 12... Qa5 13. f5 Bc4 14. Qd2 Be7 15. a3 Qc7 16. Kf2 b6 17. Rac1 Ba6 18. Rhd1 Qb8 19. Kg1 Bb7 20. Nd5 Bxd5 21. exd5 $11 {1-0 (76) Bacrot,E (2719)-Kempinski,R (2620) Germany 2015}) (8... Be7 9. Be3 O-O (9... Ne5 10. f4 Nc4 11. Bf2 Bd7 12. b3 Qa5 13. Qd3 Na3 14. O-O Rc8 15. Nce2 O-O 16. c3 Rfd8 17. Rac1 Nb5 18. a4 Nxd4 19. Nxd4 a6 20. Rfe1 $11 {½-½ (32) Hort,V (2595)-Andersson,U (2585) Valetta 1980}) (9... Nxd4 10. Qxd4 Bd7 11. f4 Bc6 12. O-O-O Qa5 13. Kb1 Nd7 14. Qd2 Nb6 15. Qe2 Rc8 16. Bd4 O-O 17. h4 e5 18. Bxb6 axb6 19. Nd5 Bxd5 20. Rxd5 Rc5 21. f5 b5 $11 {0-1 (39) Palac,M (2605)-Sokolov,A (2568) Metz 2001}) 10. Qe2 (10. O-O Nxd4 11. Qxd4 e5 12. Qd3 Be6 13. Rfd1 a6 14. Ne2 Qc7 15. Ng3 Rfd8 16. Nf5 Bf8 17. g5 Nh5 18. h4 hxg5 19. hxg5 g6 $11 {0-1 (36) Ismagambetov,A (2508)-Yu,Y (2675) Tabriz 2014}) 10... Nxd4 11. Bxd4 e5 12. Be3 Be6 13. O-O-O Rc8 14. Nd5 Nxd5 15. exd5 Bd7 16. Be4 Bg5 17. Kb1 a6 18. Rdg1 Qe7 19. h4 Bxe3 20. Qxe3 f5 $11 {1-0 (67) Grischuk,A (2606)-Ehlvest,J (2627) New Delhi/Teheran 2000}) (8... a6 {The transposition to the known line with ...a6 is certainly playable, but it makes more sense for Black to try using the tempo for a more useful activity.} 9. Be3 (9. Nxc6 bxc6 10. e5 Nd5 11. exd6 Bxd6 12. Ne4 Be5 13. O-O Qc7 14. c4 Nf4 15. Bxf4 Bxf4 16. Qf3 O-O 17. Rad1 Rb8 18. b3 $11 {0-1 (58) Ganguly,S (2668)-Vachier Lagrave,M (2804) Doha 2016}) 9... Be7 (9... Ne5 10. f4 (10. Qe2 g5 (10... Qc7 11. f4 Nc4 12. Bc1 Bd7 13. b3 Nb6 14. Qd3 Rc8 15. Bb2 e5 16. Nde2 Be7 17. O-O-O Bc6 18. Kb1 Nbd7 19. Rhf1 Nc5 20. Qe3 $16 {1-0 (79) Leko,P (2743)-Sasikiran,K (2573) Istanbul 2000}) 11. f4 gxf4 12. Bxf4 Nfd7 (12... Bd7 13. O-O-O Rc8 14. Kb1 Be7 15. Rhf1 Rxc3 16. bxc3 Qc7 17. Qe1 Nc4 18. Bc1 Ne5 19. Ka1 Ba4 20. g5 hxg5 21. Bxg5 $14 {½-½ (27) Timofeev,A (2677)-Movsesian,S (2747) Dagomys 2009}) 13. O-O-O b5 14. Qf2 Bb7 15. Kb1 Qb6 16. Rhf1 Be7 17. Be3 Qc7 18. Nf3 Rh7 19. Bd4 $11 {1-0 (36) Nakamura,H (2710)-Ponomariov,R (2727) San Sebastian 2009}) 10... Nc4 11. Qe2 Nxe3 12. Qxe3 Qb6 13. e5 dxe5 14. fxe5 Nd7 15. O-O-O Be7 16. h4 Qc7 17. Rde1 Nb6 18. b3 Bd7 19. Qg3 Rc8 20. Ne4 Nd5 21. Nd6+ Bxd6 22. exd6 Qc5 23. Bxd5 Qxd4 24. Bxb7 Qa1+ $11 {½-½ (27) Svidler,P (2726)-Movsesian,S (2747) Odessa 2009}) 10. f4 Nd7 (10... Qc7 11. Qd2 Na5 12. b3 Nc6 13. O-O-O Nxd4 14. Bxd4 e5 15. Be3 exf4 16. Bxf4 Be6 17. Rhe1 O-O 18. Ne2 Ne8 19. Nd4 Bf6 20. g5 hxg5 21. Bxg5 $11 {½-½ (39) Svidler,P (2735)-Sokolov,A (2591) Germany 2005}) 11. O-O Nxd4 12. Qxd4 O-O 13. Qd2 Rb8 14. Ne2 b5 15. Rad1 Qc7 16. f5 Nf6 17. Ng3 Bb7 18. Kh1 Rbd8 19. Bxh6 gxh6 20. Qxh6 d5 21. g5 Qxg3 22. Rd3 $16 {1-0 (29) Anand,V (2804)-Vachier Lagrave,M (2723) Stavanger 2015}) (8... Bd7 9. Be3 (9. f4 a6 10. Be3 Be7 11. Qe2 Qc7 12. O-O-O (12. Nb3 b5 13. a3 Rc8 14. O-O Nh7 15. Rad1 O-O 16. Qf2 b4 17. Na4 bxa3 18. bxa3 Nb8 19. Nb6 Rce8 20. c4 $16 {1-0 (37) Short,N (2660)-Sokolov,A (2596) Bazna 2008}) 12... Rc8 13. Nxc6 Bxc6 14. Bd4 b5 15. e5 dxe5 16. Bxe5 Qb7 17. Rhg1 b4 18. Bxf6 Bxf6 19. Ne4 Bxe4 20. Bxe4 Qc7 21. Qf3 g6 22. Kb1 O-O $11 {0-1 (54) Adams,M (2719)-Van Wely,L (2655) Dortmund 2005}) (9. O-O Be7 10. Be3 a6 11. f4 Qc7 12. a4 Rc8 13. Nb3 Na5 14. Nxa5 Qxa5 15. Qd2 Rc4 16. Rad1 Bc6 17. Qd3 Rb4 18. b3 O-O 19. g5 hxg5 20. fxg5 Nd7 21. Na2 $16 {1-0 (47) Short,N (2650)-Sokolov,A (2605) Rotterdam 1989}) 9... Ne5 (9... a6 10. Qe2 Nxd4 11. Bxd4 e5 12. Be3 Rc8 13. O-O Be7 14. f4 exf4 15. Rxf4 Be6 16. Rd1 {½-½ (16) Bruzon Batista,L (2648)-Ehlvest,J (2597) Merida 2006}) 10. Qe2 Rc8 11. f4 (11. O-O-O Rxc3 12. bxc3 Qa5 13. f4 Qxc3 14. fxe5 dxe5 15. Rd3 Qa1+ 16. Kd2 Bb4+ 17. c3 Qb2+ 18. Nc2 Ba5 19. Qd1 Bc6 20. Qb1 Qxb1 21. Rxb1 $16 {1-0 (29) Naiditsch,A (2697)-Ponomariov,R (2727) Villarrobledo 2009}) 11... Nc4 12. O-O-O Qb6 13. b3 Nxe3 14. Qxe3 e5 15. Nd5 Qc5 16. c4 exd4 17. Rxd4 Nxd5 18. exd5+ Kd8 19. Qc3 Be7 20. b4 Qb6 $19 {0-1 (25) Naiditsch,A (2689)-Ponomariov,R (2739) Moscow 2009}) 9. Nxc6 $146 {Carlsen has never been known as a great expert in theory and he decides to try a sound positional approach by activating the bishop on g2.} (9. Be3 Ne5 10. Qe2 Bd7 11. O-O-O Rc8 12. Ndb5 Rc6 13. f4 gxf4 14. Bxf4 Qb8 15. Rhf1 Be7 16. g5 hxg5 17. Bxg5 Ng8 18. h4 a6 19. Nd4 Rxc3 20. bxc3 Qc7 21. Qe1 $14 {1-0 (44) Forster,R (2463)-Atlas,V (2475) Switzerland 2002}) ({RR} 9. Be3 Ne5 10. Qe2 Bd7 11. O-O-O Rc8 12. Ndb5 Rc6 13. f4 gxf4 14. Bxf4 Qb8 15. Rhf1 Be7 16. g5 hxg5 17. Bxg5 Ng8 18. h4 a6 19. Nd4 Rxc3 20. bxc3 Qc7 21. Qe1 Qa5 22. Kb1 Nc4 23. Nb3 Qb5 {Forster,R (2463)-Atlas,V (2475) Switzerland 2002 1-0 (44)}) ({RR} 9. b3 Ne5 10. Bb2 a6 11. Qd2 Be7 12. O-O-O Bd7 13. Nce2 b5 14. f4 gxf4 15. Nxf4 a5 16. Rhe1 a4 17. Kb1 Qc7 18. Nd3 axb3 19. cxb3 Qa7 20. a3 Rg8 21. Nb4 Rg6 22. Nf3 Nxf3 23. Bxf3 e5 {Grischuk,A (2766)-Duda,J (2737) Chess.com INT 2018 0-1 (37)}) ({RR} 9. Be3 Bg7 10. Qe2 a6 11. O-O-O Qc7 12. h4 gxh4 13. Rxh4 Bd7 14. Rdh1 O-O-O 15. Nxc6 Bxc6 16. Bxh6 Bxh6+ 17. Rxh6 Rxh6 18. Rxh6 Nd7 19. f4 Qa5 20. Kb1 Rg8 21. Rh7 f6 22. a3 Qc5 23. Rh1 e5 {Sohier,J (2192)-Antolak,J (2399) Chess.com INT 2022 1-0}) ({RR} 9. Be3 Ne5 10. Qe2 a6 11. O-O-O Qc7 12. f4 gxf4 13. Bxf4 Bd7 14. Nf3 Rc8 15. Nxe5 dxe5 16. Be3 Ba3 17. Rd3 Be7 18. Rf1 b5 19. Qf2 Rh7 20. g5 hxg5 21. Bxg5 Nh5 22. Bxe7 Kxe7 23. Qh4+ f6 {Varitski,I (2359)-Truskavetsky,A (2163) Sevastopol 2000 1-0 (54)}) 9... bxc6 10. e5 Nd5 (10... dxe5 11. Bxc6+ Bd7 12. Bxa8 Qxa8 13. Rg1 Bc6 14. Qe2 $16) 11. exd6 Qxd6 $6 {If Van Wely would like to play the line again he should look into the much more natural recapture with the bishop. The queen comes to the fore way too soon and will become vulnerable on d6.} (11... Bxd6 $5 12. Ne4 Be5 13. c4 Nf4 $11) 12. O-O Ba6 13. Re1 Be7 14. Ne4 Qc7 15. c4 Nb4 (15... Bxc4 $2 16. Qd4 $18) (15... Nf4 16. Bxf4 gxf4 17. Qa4 $16) 16. b3 {In order not to criticise the choice of the much better player I will just note, that developing the bishop to e3 would have been unpleasant for Black.} (16. Be3 $5 Rd8 17. Qb3 Rd3 18. Nc3 $16) 16... Rd8 17. Qf3 Nd3 18. Rd1 Nxc1 19. Raxc1 Qf4 {The opening has not helped Black to full equality as White has the better pieces and pawn structure.} (19... O-O 20. Nf6+ Kg7 21. Nh5+ Kg8 22. Qc3 f6 23. Rxd8 Bxd8 24. Rd1 $16) 20. Rxd8+ Bxd8 (20... Kxd8 $2 21. Rd1+ Ke8 22. Qc3 $18) 21. Qxf4 gxf4 22. Nc5 Bc8 23. Bxc6+ {Losing a pawn in a simple position is dangerous, especially against a player with very good endgame technique.} Ke7 24. Bf3 (24. Rd1 h5 25. g5 $16) 24... Bb6 25. Nd3 Rd8 26. Nb4 Bd7 (26... Rd2 27. c5 $16) 27. c5 {The concept of restricting the opponent's pieces represents a powerful strategic measure. Rather than advancing towards the promotion square the pawn is helping to limit the dark-squared bishop.} Ba5 28. Rc4 Rc8 (28... Bc7 29. Na6 Be5 30. a4 $16) 29. c6 Bxb4 {Van Wely had no better choice than transposition to the rook endgame a pawn down.} (29... Be8 30. Rxf4 $16) 30. Rxb4 Bxc6 31. Bxc6 Rxc6 32. Rxf4 {[%mdl 4096] A rather instructive moment and typical for Carlsen. Instead of givig Black the chance for real counterplay in the line 32.b7 the world champion prefers rather to work longer in an endgame with an extra pawn.} (32. Rb7+ Kf6 33. Rxa7 Rc2 34. a4 e5 $16) 32... a5 (32... Ra6 33. a4 Rb6 34. b4 $16) 33. Kg2 (33. Rc4 Rd6 (33... Rxc4 34. bxc4 Kd6 35. f4 Kc5 36. h4) 34. Rc5 a4 35. bxa4 Rd3 36. Kg2 Ra3 37. Ra5 Rxa2 38. Kg3 $16) 33... Rc5 34. h4 Rd5 35. Kf3 f6 {Once the pawn is missing all the choices in the endgame become difficult. Black can wait and slowly die or fight back and hope for a small miracle.} (35... Rd3+ 36. Ke2 Rh3 37. h5 f5 38. Ra4 fxg4 39. Rxa5 $16) 36. Ke3 h5 (36... Rb5 37. f3 Rd5 38. Rc4 $16) 37. f3 hxg4 (37... Rb5 38. Rc4 Kf7 39. Rc6 Rd5 40. a4 $16) 38. fxg4 Rd1 39. Ra4 Re1+ (39... Rh1 40. h5 f5 41. Rxa5 Kf6 42. gxf5 Rxh5 43. Kf4 $16) 40. Kf3 Re5 41. Rc4 Rd5 42. h5 {The passed pawn on h5 will play an important role as Black will have to watch out for its sudden rush forward.} Rd2 43. Ra4 Rd5 44. Ke3 Rg5 45. Rc4 Kd6 (45... f5 46. h6 Kf6 47. gxf5 Rh5 48. fxe6 Rxh6 49. Re4 Ke7 50. Kd4 $18) 46. Kf4 Rd5 $6 (46... e5+ 47. Kg3 Rg8 48. Kf3 $18) 47. Rc8 $1 Rd4+ 48. Kg3 {White is not active effectively on both flanks and the defence becomes overwhelmed.} Kd7 (48... Rd3+ 49. Kh4 Kd7 50. Ra8 Rd1 51. Kg3 $18) 49. Ra8 Rd3+ 50. Kg2 (50. Kf4 Rh3 51. Rxa5 $18) 50... Rd2+ 51. Kf3 Rd3+ (51... Rxa2 $2 52. h6 $18) 52. Ke4 Rh3 53. Rxa5 e5 54. Kf5 Rf3+ 55. Kg6 e4 56. h6 e3 57. h7 Rh3 (57... e2 58. h8=Q e1=Q 59. Rd5+ Kc6 60. Qa8+ $18) 58. Ra7+ Kd6 59. Ra8 {Defending a worse endgame against Carlsen is well known to be a task which is not for the faint-hearted....} (59. Ra8 e2 60. Re8 Rh4 61. Rxe2 Rxg4+ 62. Kh5 Rg5+ 63. Kh4 Rg1 64. Rh2 $18) 1-0